[Event "Skilling Open CCT 2021"]
[Site "Online"]
[Date "2020.11.19"]
[Round "10.1"]
[White "Vachier-Lagrave, Maxime"]
[Black "Aronian, Levon"]
[Result "1/2-1/2"]
[WhiteElo "2860"]
[BlackElo "2778"]
[Annotator "TA"]
[PlyCount "68"]
[EventDate "2020.11.20"]
[EventType "tourn"]
[EventCountry "NET"]
[Tiebreak "Koya+Number of black wins+Number of wins"]
[SourceTitle "playchess.com"]
[Source "ChessBase"]
[SourceQuality "1"]

{[%evp 9,68,17,15,18,23,19,23,0,0,0,0,0,0,0,13,12,20,0,-1,-36,22,-17,-17,-17,
-17,-20,-27,-23,0,0,0,0,0,0,0,0,0,0,47,47,47,35,39,21,29,16,16,16,22,16,16,16,
26,23,24,0,26,0,24,0,26]} 1. e4 e5 2. Nf3 Nc6 3. Bb5 Nf6 4. d3 Bc5 5. Bxc6 dxc6
6. Nbd2 {C65: Ruy Lopez: Berlin Defence (3...Nf6), unusual lines and 4 0-0 Bc5.
} Be6 7. O-O Bd6 8. d4 {White has an edge.} Nd7 $1 9. dxe5 Nxe5 10. Nxe5 Bxe5
11. f4 Qd4+ 12. Kh1 {[#] Hoping for c3.} Bd6 {[#]} 13. f5 $146 ({Predecessor:} 
13. Qe2 O-O-O 14. c3 Qc5 15. f5 Bd7 16. Nc4 Rhe8 17. b4 Qb5 18. a4 Qa6 19. Bg5
{1/2-1/2 (44) Leko,P (2702)-Wang,H (2795) Hengshui 2019}) 13... Bd7 14. e5 Be7
({Don't go for} 14... Qxe5 $2 15. Re1 $18) ({Better is} 14... Bxe5 $15 15. Qe1
Qc5) 15. f6 gxf6 16. exf6 Bd6 17. Ne4 Qxd1 $1 ({Of course not} 17... Qxe4 $6
18. Re1 $16) 18. Rxd1 O-O-O 19. Nxd6+ cxd6 20. Rxd6 Bf5 21. Rxd8+ Rxd8 $11 {
[%cal Rd8d1][%mdl 4096] [#] Endgame KRB-KRB} 22. Be3 Bxc2 23. Bxa7 Rd1+ (23...
Rd2 {feels hotter.} 24. Re1 Bg6 25. Re8+ Kd7 26. Re7+ Kc8) 24. Rxd1 Bxd1 $14 {
KB-KB} 25. Bd4 Kd7 26. a3 Ke6 27. Bc3 Kf5 28. Kg1 h5 29. g3 Ke4 30. Kf2 Bg4 31.
Kg2 Be6 32. Kf2 Bg4 33. Kg2 Be6 34. Kf2 Bg4 {Weighted Error Value: White=0.10/
Black=0.08} 1/2-1/2

[Event "Skilling Open CCT 2021"]
[Site "Online"]
[Date "2020.11.19"]
[Round "10.2"]
[White "Duda, Jan-Krzysztof"]
[Black "Firouzja, Alireza"]
[Result "1-0"]
[WhiteElo "2774"]
[BlackElo "2703"]
[Annotator "TA"]
[PlyCount "101"]
[EventDate "2020.11.20"]
[EventType "tourn"]
[EventCountry "NET"]
[Tiebreak "Koya+Number of black wins+Number of wins"]
[SourceTitle "playchess.com"]
[Source "ChessBase"]
[SourceQuality "1"]

{[%evp 9,101,5,9,9,15,-8,14,8,0,-10,17,0,0,0,0,-2,0,-82,-78,-81,-59,-85,-69,
-50,-54,-54,-43,-58,-49,-62,0,0,0,0,0,-44,-8,-9,-12,-69,0,-21,0,0,0,0,0,0,0,0,
0,0,0,0,0,0,0,0,0,0,0,0,0,0,0,0,6,6,6,13,106,106,98,93,115,100,319,320,256,78,
227,29,78,0,232,238,376,365,767,714,916,882,2392,2202]} 1. e4 c6 2. Nf3 d5 3.
d3 dxe4 4. dxe4 Qxd1+ 5. Kxd1 Nf6 6. Nfd2 {B10: Caro-Kann: 2 d3 and 2 c4.} g5
7. a4 Rg8 {[#]} 8. a5 $146 {The position is equal.} ({Predecessor:} 8. Na3 g4
9. Bd3 Be6 10. Ndc4 Na6 11. Be3 Nb4 12. Ke2 Nh5 13. Rhd1 f5 14. exf5 {1-0 (50)
Puranik,A (2580)-Gorshtein,I (2372) Sitges 2019}) 8... g4 9. Bd3 Nbd7 10. Nc4
Nc5 11. Nc3 Be6 12. Be3 Nfd7 13. Bd4 (13. Bf1 $11 {keeps the balance.}) 13...
Bg7 $17 14. Bxg7 Rxg7 15. Ke2 O-O-O 16. b4 Nxd3 17. cxd3 Bxc4 18. dxc4 Ne5 19.
a6 b6 ({Black should play} 19... Rd4 $15) 20. c5 $11 b5 21. Rad1 Rgg8 22. Ke3
Nc4+ 23. Ke2 $1 Nb2 24. Rb1 (24. Rd2 $11 Rxd2+ 25. Kxd2) 24... Nc4 {Threatens
to win with ...Rd2+.} 25. Rbd1 Rxd1 26. Rxd1 {[%mdl 4096] Endgame KRN-KRN} Kc7
27. Na2 Rg5 28. Nc1 Rh5 29. Rh1 Re5 30. f3 gxf3+ 31. gxf3 Rg5 {With the idea ..
.Rg2+.} 32. Kf2 Rg8 33. Rd1 Ne5 34. Nd3 Nd7 35. h4 e5 36. Ne1 Nb8 37. Ra1 f6
38. Nc2 Rd8 {...Rd2+ is the strong threat.} 39. Ke2 Rd7 (39... Nd7 $11) 40. h5
$1 $16 Rg7 41. Ne3 Rg5 42. h6 Rg8 $2 {[#]} (42... Rh5 $16 {might work better.})
43. Ng4 $1 $18 {[%cal Rg4f6]} Rf8 {[#]} 44. Kd3 $2 (44. Ke3 $1 $18 {is the
precise move to win.}) 44... Nd7 (44... Kd8 $16) 45. Ne3 $2 (45. Rg1 $18) 45...
Rg8 46. Ke2 (46. Kc2 $16) 46... Rg5 $2 (46... Nb8 $1 $11) 47. Rd1 Nb8 (47...
Rh5 {keeps fighting.} 48. Ng4 Nb8) 48. Rd6 Nd7 $2 (48... Rg6 49. Ng4 Nxa6 50.
Nxe5 Rxh6 51. Nxc6 Rh2+ 52. Ke3 Rb2 53. Nxa7 Nxb4 54. Nxb5+ Kc8) 49. Re6 {
White is clearly winning.} Rg6 50. Ng4 Rg5 51. Re7 {Weighted Error Value:
White=0.21/Black=0.36} 1-0

[Event "Skilling Open CCT 2021"]
[Site "Online"]
[Date "2020.11.19"]
[Round "10.3"]
[White "Ding, Liren"]
[Black "Anton Guijarro, David"]
[Result "1-0"]
[WhiteElo "2836"]
[BlackElo "2667"]
[Annotator "TA"]
[PlyCount "85"]
[EventDate "2020.11.20"]
[EventType "tourn"]
[EventCountry "NET"]
[Tiebreak "Koya+Number of black wins+Number of wins"]
[SourceTitle "playchess.com"]
[Source "ChessBase"]
[SourceQuality "1"]

{[%evp 11,85,13,21,18,15,12,24,18,25,0,14,17,15,9,23,17,43,5,8,0,37,0,0,0,8,0,
0,-13,-11,-26,0,3,6,10,26,25,8,20,23,31,51,59,37,40,105,105,105,105,115,112,
100,96,174,170,187,179,236,239,238,245,364,340,371,350,360,300,625,626,843,824,
992,968,1464,1268,1705,1676]} 1. Nf3 d5 2. g3 g6 3. Bg2 Bg7 4. d4 c6 5. O-O Nf6
6. b3 O-O 7. Bb2 {D02: 1 d4 d5 2 Nf3 sidelines, including 2...Nf6 3 g3 and 2...
Nf6 3 Bf4.} a5 8. a4 Bf5 {[#]} 9. e3 $146 {White has an edge.} ({Predecessor:} 
9. Nbd2 Na6 10. Rc1 Rc8 11. Re1 Re8 12. c3 Qb6 13. Ne5 Rcd8 14. e3 Ne4 15. Nxe4
Bxe5 {1/2-1/2 (43) Holroyd,K (2529)-Walczak,P (2473) ICCF email 2015}) 9... Ne4
10. Qe2 Nd7 11. c4 Qb6 12. Nbd2 Ndf6 13. Rfc1 Bg4 14. Qd3 Bf5 {[#] And now ...
Nxg3! would win.} 15. Qe2 Bg4 16. cxd5 Nxd2 17. Qxd2 {dxc6 is the strong
threat.} Nxd5 18. Qd3 Rad8 19. Nd2 Nb4 20. Qf1 Bf5 21. Nc4 Qa6 22. Bc3 Bd3 23.
Qd1 {[#] Threatens to win with Bxb4.} Bxc4 24. bxc4 e5 25. d5 f5 26. Rab1 c5
27. e4 f4 {White stays focused until the end.} (27... Bh6 $14) 28. Rb2 $16 Qf6
29. Bh3 h5 30. Kh1 Bh6 31. Rcb1 f3 (31... Bg5 $16) 32. Rb3 $18 Kg7 33. Ba1 Kh7
(33... Rde8 {is a better defense.} 34. Ra3 g5) 34. Ra3 Qa6 35. Bf1 ({Less
strong is} 35. Bxe5 Qxc4 36. Bc7 (36. Rxf3 $2 Qxe4 {[%mdl 64] Double Attack}
37. Bg2 Rxf3 $19) 36... Qxe4 $14) ({Much less strong is} 35. Rxf3 $6 Rxf3 36.
Qxf3 Qxc4 $14) 35... Nc6 (35... Bg7 $142 36. Rxf3 Rxf3 37. Qxf3 Rf8) 36. Rxf3
Nd4 37. Rxf8 Rxf8 38. Bxd4 exd4 $2 (38... cxd4 39. f4 Bg7) 39. f4 {White is
clearly winning.} b6 40. e5 Kh8 41. Bd3 Kg7 42. Qf3 Qb7 43. Qe4 {Weighted
Error Value: White=0.05/Black=0.31} 1-0

[Event "Skilling Open CCT 2021"]
[Site "Online"]
[Date "2020.11.19"]
[Round "10.4"]
[White "Giri, Anish"]
[Black "Radjabov, Teimour"]
[Result "1/2-1/2"]
[WhiteElo "2731"]
[BlackElo "2758"]
[Annotator "TA"]
[PlyCount "63"]
[EventDate "2020.11.20"]
[EventType "tourn"]
[EventCountry "NET"]
[Tiebreak "Koya+Number of black wins+Number of wins"]
[SourceTitle "playchess.com"]
[Source "ChessBase"]
[SourceQuality "1"]

{[%evp 18,63,0,-4,0,17,54,54,54,38,40,25,43,31,52,0,0,-7,0,-10,1,0,0,-7,-10,
-14,-11,-33,-6,-8,-14,-5,0,0,-7,-11,-14,-19,-24,-47,0,-20,0,-41,0,0,0,-18]} 1.
d4 Nf6 2. c4 e6 3. Nc3 Bb4 4. e3 d5 5. Nf3 O-O 6. Bd2 b6 7. cxd5 exd5 8. Rc1
Bb7 9. Bd3 Nbd7 10. O-O a6 {E52: Nimzo-Indian: Rubinstein: 4...0-0 5 Nf3 d5 6
Bd3 b6.} 11. Ne5 Bd6 12. f4 Ne4 {White is slightly better.} 13. Be1 Ndf6 14.
Bh4 Qe8 $1 {[#]} 15. Qf3 $146 ({Predecessor:} 15. Bxe4 Nxe4 16. Nxe4 dxe4 17.
Nc4 Qd7 18. Qh5 Rac8 19. Nxd6 cxd6 20. f5 Rxc1 21. Rxc1 {0-1 (37) Mastrokoukos,
G (2301)-Rauk,T (2157) Puhajarve 2017}) 15... c5 16. Bxf6 (16. Qh3 $14) 16...
Nxf6 $11 17. g4 Rd8 18. Rcd1 g6 19. g5 Nh5 20. Be2 f6 21. gxf6 Nxf6 22. Qg2 Qe7
23. Bf3 {[%cal Rc3d5]} Kh8 24. Kh1 {[%cal Rc3d5]} ({Much weaker is} 24. Bxd5
Nxd5 25. Nxd5 Qe6 $17) 24... Qe6 25. a3 Rg8 26. Rg1 Rg7 27. Qg5 Rf8 28. Rde1
Kg8 29. Qg2 Kh8 30. Qg5 Kg8 31. Qg2 Kh8 32. Qg5 {Weighted Error Value: White=0.
10/Black=0.09} 1/2-1/2

[Event "Skilling Open CCT 2021"]
[Site "Online"]
[Date "2020.11.19"]
[Round "10.5"]
[White "Karjakin, Sergey"]
[Black "Carlsen, Magnus"]
[Result "1-0"]
[WhiteElo "2709"]
[BlackElo "2881"]
[Annotator "TA"]
[PlyCount "103"]
[EventDate "2020.11.20"]
[EventType "tourn"]
[EventCountry "NET"]
[Tiebreak "Koya+Number of black wins+Number of wins"]
[SourceTitle "playchess.com"]
[Source "ChessBase"]
[SourceQuality "1"]

{[%evp 11,103,29,37,38,42,34,42,42,50,47,52,50,57,25,28,30,30,26,38,36,112,85,
116,115,123,14,32,38,93,58,60,34,45,60,61,33,46,44,67,79,75,75,72,64,96,94,108,
102,96,8,69,62,75,0,201,195,167,142,676,595,714,710,667,688,757,752,704,760,
768,725,693,763,747,702,620,732,1092,1092,1845,1786,1648,1396,1455,736,729,700,
1208,1189,1068,1043,29959,29961,29949,7540]} 1. e4 e5 2. Nf3 d6 3. d4 exd4 4.
Nxd4 Nf6 5. Nc3 Be7 6. g3 O-O 7. Bg2 {C41: Philidor Defence.} Re8 8. O-O Bf8 9.
h3 {White is slightly better.} Nbd7 10. g4 Nc5 {[%cal Rc5e4]} 11. Re1 c6 12. g5
Nfd7 13. f4 a5 14. Be3 Qc7 15. a4 Na6 {[#]} (15... Nb6 $14) 16. Qd2 $146 ({
Predecessor:} 16. Qf3 Ndc5 17. Rad1 Bd7 18. h4 Rad8 19. Qg3 Nb4 20. f5 Bc8 21.
h5 Nd7 22. Kh1 {1-0 (33) Onischuk,V (2498)-Zavgorodniy,S (2428) Alushta 2011})
16... Ndc5 17. Rad1 Bd7 18. Nde2 (18. f5 $16) 18... Rad8 19. Ng3 Qc8 (19... b6
$14) 20. Kh2 d5 21. e5 Nb4 22. Qf2 b6 23. Bd4 Bf5 24. Re2 g6 25. Nxf5 Qxf5 26.
h4 Ne6 {Threatens to win with ...c5.} 27. Rf1 $1 {Black must now prevent Bh3.}
c5 28. Be3 {aiming for Bh3.} d4 {[%mdl 64] Double Attack} 29. Bh3 $1 {[%cal
Rh3f5]} dxe3 30. Qg3 $1 {[#]} Qxc2 $1 31. Rxc2 $14 Nxc2 32. f5 (32. Kh1 $16)
32... Rd2+ $2 {[#]} (32... Ned4 $11 {and Black has nothing to worry.} 33. fxg6
fxg6) 33. Kh1 $1 $18 gxf5 34. Bxf5 e2 $2 {[%mdl 8192] [#] Black cannot hold
the game after this.} (34... Ncd4 $16) 35. Nxe2 $1 {[%mdl 512]} Rxe2 36. Bxe6
Rxe6 {[#]} 37. Qf3 $1 {[%csl LRe2,LRf7][%mdl 576] Double Attack} Re7 38. Qxe2
Nd4 39. Qc4 Nc6 40. Qb5 Nxe5 41. Qxb6 Nc4 42. Qb8 Re4 43. Rf4 Rxf4 44. Qxf4
Nxb2 45. h5 c4 46. Qd4 Nxa4 47. Qxc4 Nc5 48. g6 hxg6 49. hxg6 Ne6 50. Qd5 a4
51. Qf5 Nd8 52. Qd7 {Weighted Error Value: White=0.14/Black=0.55} (52. Qf6 $142
a3 53. Qxd8 Kg7 54. gxf7 Kxf7 55. Qd5+ Ke7 56. Kg2 Ke8 57. Kf3) 1-0

[Event "Skilling Open CCT 2021"]
[Site "Online"]
[Date "2020.11.19"]
[Round "10.6"]
[White "Nakamura, Hikaru"]
[Black "Nepomniachtchi, Ian"]
[Result "1-0"]
[WhiteElo "2829"]
[BlackElo "2778"]
[Annotator "TA"]
[PlyCount "81"]
[EventDate "2020.11.20"]
[EventType "tourn"]
[EventCountry "NET"]
[Tiebreak "Koya+Number of black wins+Number of wins"]
[SourceTitle "playchess.com"]
[Source "ChessBase"]
[SourceQuality "1"]

{[%evp 15,81,17,11,8,22,29,7,5,16,0,8,10,31,5,104,90,189,177,177,162,273,266,
309,325,341,310,295,266,321,316,396,389,385,381,389,383,413,408,410,387,418,
394,568,561,1020,822,840,582,585,569,582,577,935,531,534,504,685,679,1083,1069,
29977,29979,5683,1078,29992,29993,29993,29980]} 1. e4 c5 2. Nf3 d6 3. d4 cxd4
4. Nxd4 Nf6 5. Nc3 a6 6. Bd3 e5 7. Nde2 Be7 8. O-O O-O 9. Ng3 {B90: Sicilian
Najdorf: Unusual White 6th moves, 6 Be3 Ng4 and 6 Be3 e5.} Be6 10. Nd5 Bxd5 11.
exd5 {The position is equal.} g6 12. c4 Nbd7 {[#]} 13. a3 $1 $146 {[%mdl 8] A
relevant novelty.} ({Predecessor:} 13. Bh6 Re8 14. Rc1 Nc5 15. Bb1 a5 16. b3
Rb8 17. f4 exf4 18. Bxf4 b5 19. Qf3 bxc4 20. Rxc4 {1/2-1/2 (26) Nepomniachtchi,
I (2773)-Wojtaszek,R (2724) Moscow 2019}) 13... Nc5 14. Bc2 b5 (14... Qb8 $11 {
keeps the balance.}) 15. b4 $16 Nb7 (15... Na4 $16) 16. cxb5 $18 axb5 17. Bh6
$1 Re8 (17... Qb6 $142) 18. Bd3 Nxd5 {[#]} 19. Qf3 $1 {[%cal Rf3d5]} ({Less
strong is} 19. Bxb5 Nc3 $16) 19... Nc3 {next ...d5 is good for Black.} 20. Qxb7
d5 21. Bd2 Rb8 22. Qa7 Ne4 23. Bxe4 dxe4 24. Rfd1 f5 25. Bc3 Bd6 26. Qe3 Qf6
27. Bb2 Bc7 28. Qb3+ Kh8 (28... Qe6 {was necessary.} 29. Qxe6+ Rxe6) 29. Rd7
Bb6 30. Rad1 Re6 31. Bc1 {Strongly threatening Bg5!} Rbe8 32. Be3 Bxe3 33. fxe3
h5 34. Rc7 h4 35. Ne2 f4 36. exf4 exf4 {[#]} 37. Nxf4 $1 {[%mdl 512]} Rf8 (
37... Qxf4 38. Qxe6) 38. Qxe6 (38. Nxe6 $2 {leads to mate.} Qf2+ 39. Kh1 {[#]}
Qf1+ $1 {[%mdl 512]} 40. Rxf1 Rxf1#) 38... Qxf4 39. Qb6 {White threatens Qd4+
and mate.} h3 40. Qd4+ Rf6 41. Rc6 {Black got outplayed after the opening. 
Weighted Error Value: White=0.35/Black=0.40} 1-0

[Event "Skilling Open CCT 2021"]
[Site "Online"]
[Date "2020.11.19"]
[Round "10.7"]
[White "Le, Quang Liem"]
[Black "Svidler, Peter"]
[Result "1-0"]
[WhiteElo "2744"]
[BlackElo "2742"]
[Annotator "TA"]
[PlyCount "63"]
[EventDate "2020.11.20"]
[EventType "tourn"]
[EventCountry "NET"]
[Tiebreak "Koya+Number of black wins+Number of wins"]
[SourceTitle "playchess.com"]
[Source "ChessBase"]
[SourceQuality "1"]

{[%evp 32,63,20,22,26,37,38,32,36,51,25,45,50,10,135,8,9,0,58,7,62,45,226,223,
222,224,229,214,214,203,539,322,960,847]} 1. e4 c5 2. Nf3 d6 3. d4 cxd4 4. Nxd4
Nf6 5. Nc3 a6 6. Be2 e6 7. O-O Be7 8. f4 Qc7 9. Bf3 O-O 10. Be3 Nc6 11. a4 Re8
12. Kh1 Rb8 13. g4 Nxd4 14. Bxd4 e5 15. fxe5 dxe5 16. Ba7 Ra8 17. g5 Rd8 {
B85: Sicilian Scheveningen: 6 Be2 a6, lines with early Be3.} 18. Qe2 Ne8 19.
Be3 {aiming for Nd5.} Be6 {White is slightly better.} 20. Nd5 Bxd5 21. exd5 Nd6
22. a5 {[#]} e4 $146 (22... Rdc8 $11) ({Predecessor:} 22... Re8 23. Bg2 Nc4 24.
Bc1 Nxa5 25. b3 Rac8 26. Be4 g6 27. Be3 Bb4 28. Qf2 Qe7 29. Bb6 Bc5 30. Bxc5
Rxc5 31. d6 {1-0 (31) Ganguly,S (2652)-Rublevsky,S (2702) Berlin 2015}) 23. Bg2
({White has to play} 23. Bg4 $16) 23... Rac8 $11 24. Rf2 $36 {[%mdl 2048]
White has some pressure.} Qc4 (24... Nc4 $11 25. Bf4 (25. Bxe4 Nxe3 26. Bxh7+
Kxh7 $11) 25... Bd6) 25. Rd1 ({White should try} 25. Qd1 $14) 25... Qa2 (25...
g6 $11) 26. Bh3 $1 $14 Rc4 $2 {This costs Black the game.} (26... Qxb2 $14 27.
Bxc8 Rxc8) 27. b3 $1 $18 {[%cal Rb3c4]} Rc3 {[#]} 28. Bd4 $1 {[%cal Rd4c3]}
Qxa5 {[#]} 29. Qe1 $1 {[%mdl 64] Pin} ({Not} 29. Bxc3 Qxc3 30. Bg2 Qe5 $11)
29... Nb5 30. Qxe4 Bf8 $2 (30... Nxd4 31. Qxe7 {[%mdl 64] Double Attack} Rf8)
31. Be6 Nd6 $2 (31... Nxd4 32. Bxf7+ Kh8) 32. Qe1 {[%mdl 64] Pin.  Weighted
Error Value: White=0.32/Black=0.69} 1-0

[Event "Skilling Open CCT 2021"]
[Site "Online"]
[Date "2020.11.19"]
[Round "11.1"]
[White "So, Wesley"]
[Black "Vachier-Lagrave, Maxime"]
[Result "1/2-1/2"]
[WhiteElo "2741"]
[BlackElo "2860"]
[Annotator "TA"]
[PlyCount "58"]
[EventDate "2020.11.20"]
[EventType "tourn"]
[EventCountry "NET"]
[Tiebreak "Koya+Number of black wins+Number of wins"]
[SourceTitle "playchess.com"]
[Source "ChessBase"]
[SourceQuality "1"]

{[%evp 23,58,1,50,18,32,17,23,0,0,0,0,0,0,0,15,15,15,18,16,16,18,17,12,0,0,0,0,
0,0,0,0,0,0,0,0,0,0]} 1. d4 Nf6 2. c4 g6 3. Nc3 d5 4. cxd5 Nxd5 5. e4 Nxc3 6.
bxc3 Bg7 7. Nf3 c5 8. Rb1 O-O 9. Be2 cxd4 10. cxd4 Qa5+ 11. Bd2 Qxa2 12. O-O
Bg4 13. Rxb7 {13.Be3 is a critical line. D85: Exchange Grünfeld: Unusual White
7th moves and lines with 7 Nf3.} Bxf3 14. Bxf3 Bxd4 15. e5 {[#] And now Rb5
would win.White has an edge.} Na6 {The position is equal.} 16. Rxe7 Rad8 {[#]}
17. e6 $146 ({Predecessor:} 17. Qe2 Bc5 18. Bg5 Qxe2 19. Bxe2 Bxe7 20. Bxe7 Nb8
21. Bxd8 Rxd8 22. Ra1 Nc6 23. f4 {1/2-1/2 (60) Mamedyarov,S (2753)-Cheparinov,
I (2678) Khanty-Mansiysk 2013}) 17... fxe6 {Threatens to win with ...Bc5.} 18.
Qe1 Bf6 19. Rxa7 {[#] Strongly threatening Ba5.} Rxd2 20. Rxa6 $1 Qxa6 21. Qxd2
Qb6 22. g3 Bd4 23. Kg2 Rxf3 24. Kxf3 $11 {[%mdl 4096] Endgame Hoping for Qc2.
KQR-KQB} Qb7+ 25. Ke2 Qe4+ 26. Kd1 Qb1+ 27. Ke2 Qe4+ 28. Kd1 Qb1+ $1 29. Ke2
Qe4+ {Weighted Error Value: White=0.06/Black=0.04} 1/2-1/2

[Event "Skilling Open CCT 2021"]
[Site "Online"]
[Date "2020.11.19"]
[Round "11.2"]
[White "Svidler, Peter"]
[Black "Vidit, Santosh Gujrathi"]
[Result "0-1"]
[WhiteElo "2742"]
[BlackElo "2636"]
[Annotator "TA"]
[PlyCount "42"]
[EventDate "2020.11.20"]
[EventType "tourn"]
[EventCountry "NET"]
[Tiebreak "Koya+Number of black wins+Number of wins"]
[SourceTitle "playchess.com"]
[Source "ChessBase"]
[SourceQuality "1"]

{[%evp 15,42,21,21,18,24,21,28,28,21,0,1,0,0,0,0,0,16,9,8,10,5,0,0,-158,-157,
-160,-158,-297,-292]} 1. c4 c5 2. g3 Nc6 3. Bg2 g6 4. Nc3 Bg7 5. Nf3 d6 6. O-O
Rb8 7. e3 Nf6 8. d4 O-O 9. b3 {E65: King's Indian: Fianchetto: 6...c5 7 0-0
without d5 by White.} Be6 $5 {[%mdl 4] [#] A promising side line.} 10. Bb2 $146
{[#] aiming for d5.} ({Predecessor:} 10. d5 Nxd5 11. cxd5 Bxc3 12. dxe6 Bxa1
13. exf7+ Rxf7 14. Ng5 Rf5 15. Bd5+ Kh8 16. Ne6 Qd7 {0-1 (79) Ding,L (2801)
-Vidit,S (2722) Kolkata 2019}) 10... cxd4 11. Nxd4 {White has an edge.} Nxd4
12. Qxd4 Nd5 13. Qd2 Nxc3 14. Bxc3 Bxc3 15. Qxc3 Qc7 16. Rac1 Rfc8 17. Qb2 Qa5
18. Rfd1 b5 {[%cal Bb7b5,Bb5c4][%mdl 32]} 19. b4 $2 {[#]} (19. cxb5 $11 Qxb5
20. h4) 19... bxc4 $17 20. a3 Qa4 21. Rd2 (21. Qc3 $17) 21... a5 {Weighted
Error Value: White=0.38/Black=0.02} 0-1

[Event "Skilling Open CCT 2021"]
[Site "Online"]
[Date "2020.11.19"]
[Round "11.3"]
[White "Nepomniachtchi, Ian"]
[Black "Le, Quang Liem"]
[Result "1/2-1/2"]
[WhiteElo "2778"]
[BlackElo "2744"]
[Annotator "TA"]
[PlyCount "144"]
[EventDate "2020.11.20"]
[EventType "tourn"]
[EventCountry "NET"]
[Tiebreak "Koya+Number of black wins+Number of wins"]
[SourceTitle "playchess.com"]
[Source "ChessBase"]
[SourceQuality "1"]

{[%evp 12,144,26,3,29,33,42,29,25,18,29,35,40,54,41,29,33,22,39,-7,55,47,44,5,
14,7,37,0,31,6,6,0,5,-10,0,-29,-24,-20,-27,-29,70,69,69,69,69,69,84,77,135,135,
135,135,135,135,152,144,152,153,153,135,145,130,103,100,100,90,88,83,168,160,
152,12,21,13,22,19,24,8,8,0,41,8,8,8,8,8,8,8,8,8,8,8,8,8,8,8,8,8,8,8,29946,
11730,29965,29959,29944,11216,29972,29974,29973,29974,29974,29975,29972,0,8,0,
0,0,0,0,0,0,0,0,0,0,0,0,0,0,0,0,0,0,0]} 1. e4 e5 2. Nf3 Nc6 3. Bb5 Nf6 4. O-O
Nxe4 5. Re1 Nd6 6. Nxe5 Be7 7. Bf1 Nf5 {C67: Ruy Lopez: Berlin Defence: 4 0-0
Nxe4.} 8. Nf3 O-O 9. d4 d5 {White has an edge.} 10. Nc3 {[%cal Bb1c3,Bc3e2,
Be2f4][%mdl 32]} Bf6 {[%cal Rf5d4]} 11. Ne2 $1 Re8 12. c3 g6 13. Nf4 Rxe1 14.
Qxe1 Ng7 {[#]} 15. Ne5 $146 ({Predecessor:} 15. Nd3 Bf5 16. Bf4 Ne6 17. Bg3 Be4
18. Qd1 Ne7 19. h3 Nf5 20. Bh2 b6 21. Nd2 {1/2-1/2 (93) Ivic,V (2531)
-Nikolaidis,I (2531) Nis 2019}) 15... Bf5 (15... Nxe5 $11 16. dxe5 Be7) 16.
Nxc6 $14 bxc6 17. Nd3 (17. Be3 {is more complex.} a5 18. Qd2 Rb8 19. Re1 Qd6
20. Be2) 17... Bxd3 18. Bxd3 Ne6 19. Be3 Bg5 20. Ba6 Bxe3 21. Qxe3 Qd6 22. Qg3
Rb8 23. b4 c5 {[%mdl 64] Discovered Attack} 24. Qxd6 cxd6 $11 {[%mdl 4096]
Endgame KRB-KRN} 25. a3 {[%cal Ba2a3,Ba3a4][%mdl 32]} c4 (25... cxd4 $11 26.
cxd4 Nxd4) 26. a4 $1 $14 Nc7 {[#]} 27. Bb5 $1 {[%mdl 512]} Nxb5 28. axb5 {KR-KR
} Rb7 29. Ra6 Kf8 ({Black should try} 29... Rd7) 30. Rxd6 $16 Rxb5 {With the
idea ...a5.} 31. Ra6 $1 Rb7 32. h4 Re7 {[#]} 33. Kf1 $1 Ke8 34. Ra5 Rd7 35. Ke2
Re7+ 36. Kf3 Re1 37. Rxd5 {aiming for Re5+.} Rc1 38. Re5+ Kd7 39. Re3 h5 (39...
Kd6 $16) 40. Kf4 f6 41. f3 ({White should play} 41. d5 $16) 41... Kd6 $11 42.
g4 hxg4 43. fxg4 {Black must now prevent h5.} Rh1 44. Rf3 Ke6 45. Re3+ Kd6 46.
Re2 Rxh4 47. Ra2 Rh3 48. Ra6+ Kd5 49. Ra5+ Kd6 $1 50. Ke4 {Ra6+ is the strong
threat.} Rxc3 51. Ra6+ Kc7 52. Rxf6 Rg3 53. Rxg6 c3 {Strongly threatening ...
c2.} 54. Kd5 Kb7 55. Rc6 a5 $2 {[%mdl 8192]} (55... a6 $11) 56. bxa5 Rxg4 57.
Rxc3 Rg5+ 58. Ke6 (58. Kd6 $142 Rg6+ 59. Ke7 Rg7+ 60. Kf6 Rh7 61. Ra3 Rh6+ 62.
Ke7 Rh8 63. d5 Rh7+ 64. Kd6) 58... Rxa5 59. d5 Ra1 60. Kd7 Kb6 61. d6 {Cut Off
at move 61} Ra7+ {[#]} 62. Ke6 $2 (62. Rc7 $1 {mates} Ra2 63. Rc6+ Kb5 64. Rc1
Kb6 65. Rb1+ Ka7 66. Re1 Rh2 67. Kc7 Rc2+ 68. Kd8) 62... Rh7 {The position is
equal.} 63. d7 Rh6+ 64. Ke5 Rh5+ 65. Ke4 Rh4+ 66. Ke3 Rh3+ 67. Kd2 Rh2+ 68. Ke3
Rh3+ 69. Ke4 Rh4+ 70. Ke5 Rh5+ 71. Kf6 Rh6+ 72. Ke5 Rh5+ {Blacks defense is
rewarded with a draw.  Weighted Error Value: White=0.12/Black=0.44} 1/2-1/2